Lexicon of psychiatric and mental health terms

Spremljeno u:
Bibliografski detalji
Glavni autor: WHO
Format: Knjiga
Jezik:Undetermined
Izdano: Rome WHO 1994
Teme:
Oznake: Dodaj oznaku
Bez oznaka, Budi prvi tko označuje ovaj zapis!
Thư viện lưu trữ: Trung tâm Học liệu Trường Đại học Cần Thơ
LEADER 00472nam a2200181Ia 4500
001 CTU_17176
008 210402s9999 xx 000 0 und d
082 |a 616.8982 
082 |b W927L 
100 |a WHO 
245 0 |a Lexicon of psychiatric and mental health terms 
245 0 |c WHO 
260 |a Rome 
260 |b WHO 
260 |c 1994 
650 |a neurolgy 
904 |i Nguyễn Quang Điền, 960601 
980 |a Trung tâm Học liệu Trường Đại học Cần Thơ